| 000 | 00569nam a2200229Ia 4500 | ||
|---|---|---|---|
| 003 | OSt | ||
| 005 | 20221005130114.0 | ||
| 006 | a|||||r|||| 00| 0 | ||
| 007 | ta | ||
| 008 | 221004b |||||||| |||| 00| 0 eng d | ||
| 024 | _a78136 | ||
| 037 | _cTextual | ||
| 040 |
_aCRL _cCRL _beng |
||
| 041 |
_2eng _aeng |
||
| 082 | _aO157,1M61W, 111F4 | ||
| 245 | 0 | _aRabindranath Tagore's visit to China | |
| 260 | _c1924 | ||
| 300 |
_a45p. _ccm. |
||
| 650 | _aENGLISH LITERATURE | ||
| 942 |
_hO157,1M61W, 111F4 _cTEXL _2cc |
||
| 999 |
_c1056120 _d1056120 |
||